000 00452cam a2200181ua 4500
001 2057
008 110806n ii |||gr||||Z||||||eng
040 _cMAIN
082 _a370.54
100 _aRai, Lajpat,
_eAuthor.
245 1 _aNational education in india
_cby Lajpat Rai
250 _a1st.
260 _aNew Delhi:
_bCosmo publication,992.
300 _a256p:
_c23cm.
653 _aEducation
653 _aNational education in india
942 _cBK
999 _c1928
_d1928